Ερμηνεία και υπερερμηνεία

Αποθηκεύτηκε σε:
Λεπτομέρειες βιβλιογραφικής εγγραφής
Κύριος συγγραφέας: Eco, Umberto
Άλλοι συγγραφείς: Παπακωνσταντίνου, Αναστασία (Μεταφραστής)
Μορφή: Βιβλίο
Γλώσσα:Greek
Δημοσίευση: Αθήνα : Ελληνικά Γράμματα, 1993
Θέματα:
Ετικέτες: Προσθήκη ετικέτας
Δεν υπάρχουν, Καταχωρήστε ετικέτα πρώτοι!

MARC

LEADER 00000nam a2200000 i 4500
001 1/93130
008 940413s1993 gre d
020 |a 960-7019-60-1 
035 |l 10008724 
040 |a GR-MY-UA  |b gre  |e aacr 
041 0 |a gre 
082 0 |a 801.95 
100 1 |a Eco, Umberto. 
245 1 0 |a Ερμηνεία και υπερερμηνεία /  |c Umberto Eco...[et. al.] ; Μετάφραση Αναστασία Παπακωνσταντίνου 
260 |a Αθήνα :   |b Ελληνικά Γράμματα,   |c 1993 
300 |a 197 p. 
580 |a Translation of: Interpretation and overinterpretation 
650 0 0 |a Criticism. 
650 0 0 |a Semiotics and literature. 
700 1 |a Παπακωνσταντίνου, Αναστασία.  |4 trl 
730 0 |a Interpretation and overinterpretation. 
852 |a INST  |b LESVOS  |e 19940413  |h 801.95 ECO  |p 005100006627  |q 005100006627  |t BK  |y 0 
909 |a Λ  |b 032268